Suspended possession orders (Record no. 61303)

MARC details
000 -LEADER
fixed length control field 00922cam a2200241 4500
001 - CONTROL NUMBER
control field ABS61572
008 - FIXED-LENGTH DATA ELEMENTS--GENERAL INFORMATION
fixed length control field 000000n1999 000 0 eng u
035 ## - SYSTEM CONTROL NUMBER
System control number (Sirsi) u102273
100 ## - MAIN ENTRY--PERSONAL NAME
Personal name Allen, N.
245 ## - TITLE STATEMENT
Title Suspended possession orders
260 ## - PUBLICATION, DISTRIBUTION, ETC.
Date of publication, distribution, etc. 1999
490 ## - SERIES STATEMENT
Series statement Solicitors' Journal
Volume/sequential designation 143(42) 5 November 1999, 1038-1039(2)
520 ## - SUMMARY, ETC.
Summary, etc. Considers the case "Capital Prime Plus v Wills" regarding possession of a property let as an assured tenancy under the Housing Act 1988, and discusses its implications for landlords wanting to gain possession due to rent arrears.
590 ## - LOCAL NOTE (RLIN)
Local note ABS
650 ## - SUBJECT ADDED ENTRY--TOPICAL TERM
Topical term or geographic name entry element RENT ARREARS
650 ## - SUBJECT ADDED ENTRY--TOPICAL TERM
Topical term or geographic name entry element SUSPENDED POSSESSION ORDERS
650 ## - SUBJECT ADDED ENTRY--TOPICAL TERM
Topical term or geographic name entry element HOUSING ACT 1988
650 ## - SUBJECT ADDED ENTRY--TOPICAL TERM
Topical term or geographic name entry element ASSURED TENANCIES
650 ## - SUBJECT ADDED ENTRY--TOPICAL TERM
Topical term or geographic name entry element CAPITAL PRIME PLUS V WILLS
690 ## - LOCAL SUBJECT ADDED ENTRY--TOPICAL TERM (OCLC, RLIN)
Topical term or geographic name as entry element PROPERTY-RESIDENTIAL PROPERTY-RESIDENTIAL LANDLORD AND TENANT-RESIDENTIAL TENANCIES
700 ## - ADDED ENTRY--PERSONAL NAME
Personal name Chawner, M.
942 ## - ADDED ENTRY ELEMENTS (KOHA)
Suppress in OPAC 0
Holdings
Withdrawn status Lost status Source of classification or shelving scheme Damaged status Not for loan Home library Current library Shelving location Date acquired Total Checkouts Full call number Barcode Date last seen Copy number Price effective from Koha item type
    Dewey Decimal Classification     London London Journal article 18/11/1999   ABS61572 102273-1001 06/08/2019 1 06/08/2019 Journal article